|
|
|
|
| LEADER |
00000nam0a2200000 4500 |
| 001 |
349574 |
| 005 |
20231102010221.0 |
| 010 |
|
|
|a 5875920092
|
| 035 |
|
|
|a (RuTPU)RU\TPU\retro\2262
|
| 035 |
|
|
|a RU\TPU\book\368703
|
| 090 |
|
|
|a 349574
|
| 100 |
|
|
|a 20180705d1994 m y0rusy50 ca
|
| 101 |
0 |
|
|a rus
|
| 102 |
|
|
|a RU
|
| 105 |
|
|
|a a z 001by
|
| 200 |
1 |
|
|a Москва слезам не верит
|f В. К. Черных
|
| 210 |
|
|
|a Москва
|c Фора-Фильм
|c Пролог
|d 1994
|
| 215 |
|
|
|a 478 с.
|c ил.
|
| 225 |
1 |
|
|a Российский кинороман
|
| 330 |
|
|
|a В 1980 году фильм Владимира Меньшова "Москва слезам не верит" по сценарию Валентина Черныха получил "Оскар": История советской Золушки пленила не только американцев. Фильм имел шумный успех на родине героев, стал знаком времени, и по сей день - в любимцах публики. Но кинороман Валентина Черных, написанный через 14 лет после выхода фильма, - это совсем другая история. Вернее, история та же, но с новыми героями, с новыми подробностями из жизни тех героев, с которыми Вы знакомы по фильму, с событиями, которые остались "за кадром". И, самое главное, все будто увидено из сегодня - другими глазами.
|
| 606 |
1 |
|
|a Русская литература современная
|2 stltpush
|3 (RuTPU)RU\TPU\subj\26373
|9 50316
|
| 610 |
1 |
|
|a киносценарии
|
| 610 |
1 |
|
|a романы
|
| 610 |
1 |
|
|a любовь
|
| 675 |
|
|
|a Р2
|v 4
|
| 700 |
|
1 |
|a Черных
|b В. К.
|g Валентин К.
|
| 801 |
|
1 |
|a RU
|b 63413507
|c 20180705
|
| 801 |
|
2 |
|a RU
|b 63413507
|c 20180905
|g RCR
|
| 942 |
|
|
|c BK
|